All 128 Towns of Croatia on a Map - Statistics

General Stats
  • This quiz has been taken 12 times
  • The average score is 18 of 128
Answers on the Map
Answers color-coded by a green-red scale on the quiz's map according to % correct below.
 
Answer Stats
Population City % Correct
42,016 Dubrovnik
88%
777,359 Zagreb
88%
105,705 Rijeka
75%
158,636 Split
75%
73,749 Zadar
75%
7,252 Krk
63%
95,252 Osijek
63%
53,357 Pula
50%
42,337 Šibenik
50%
44,520 Varaždin
50%
35,682 Bjelovar
38%
48,207 Karlovac
38%
11,621 Krapina
38%
13,914 Rovinj
38%
38,892 Sisak
38%
49,471 Slavonski Brod
38%
18,580 Virovitica
38%
27,958 Čakovec
25%
2,789 Cres
25%
22,550 Đakovo
25%
11,784 Gospić
25%
4,192 Hvar
25%
10,674 Knin
25%
27,997 Koprivnica
25%
14,153 Makarska
25%
15,496 Metković
25%
12,097 Ogulin
25%
21,390 Požega
25%
38,536 Samobor
25%
63,841 Velika Gorica
25%
30,199 Vinkovci
25%
22,695 Vukovar
25%
9,728 Daruvar
13%
5,076 Delnice
13%
6,157 Drniš
13%
10,166 Duga Resa
13%
4,897 Ilok
13%
12,931 Ivanec
13%
15,076 Jastrebarsko
13%
2,467 Klanjec
13%
5,539 Korčula
13%
19,414 Križevci
13%
10,315 Labin
13%
6,742 Lepoglava
13%
4,939 Lipik
13%
5,648 Mursko Središće
13%
13,708 Našice
13%
2,100 | 4,116 Novigrad
13%
10,522 Novska
13%
5,925 Oroslavje
13%
5,786 Ozalj
13%
3,352 Pag
13%
8,289 Pazin
13%
19,431 Petrinja
13%
18,262 Poreč
13%
5,893 Pregrada
13%
7,098 Prelog
13%
7,159 Rab
13%
11,070 Slatina
13%
4,079 Slunj
13%
26,018 Solin
13%
2,963 Stari Grad
13%
12,764 Trogir
13%
13,250 Umag
13%
5,550 Varaždinske Toplice
13%
8,696 Zabok
13%
24,572 Zaprešić
13%
5,543 Zlatar
13%
7,622 Bakar
0%
7,636 Beli Manastir
0%
8,629 Belišće
0%
8,950 Benkovac
0%
6,052 Biograd na Moru
0%
4,481 Buje
0%
6,271 Buzet
0%
3,002 Čabar
0%
6,799 Čazma
0%
9,951 Crikvenica
0%
5,206 Donja Stubica
0%
7,628 Donji Miholjac
0%
19,163 Dugo Selo
0%
7,424 Đurđevac
0%
8,250 Garešnica
0%
6,742 Glina
0%
5,116 Grubišno Polje
0%
1,738 Hrvatska Kostajnica
0%
9,174 Imotski
0%
13,091 Ivanić-Grad
0%
10,340 Kastav
0%
39,618 Kaštela
0%
1,437 Komiža
0%
4,172 Kraljevica
0%
18,736 Kutina
0%
4,425 Kutjevo
0%
8,529 Ludbreg
0%
7,661 Mali Lošinj
0%
3,175 Nin
0%
11,204 Nova Gradiška
0%
4,285 Novalja
0%
11,476 Novi Marof
0%
4,341 Novi Vinodolski
0%
3,411 Obrovac
0%
14,356 Omiš
0%
10,846 Opatija
0%
2,807 Opuzen
0%
4,307 Orahovica
0%
7,900 Otočac
0%
4,627 Otok
0%
6,845 Pakrac
0%
8,572 Pleternica
0%
7,867 Ploče
0%
5,668 Senj
0%
23,616 Sinj
0%
3,006 Skradin
0%
4,665 Supetar
0%
19,779 Sveta Nedelja
0%
15,144 Sveti Ivan Zelina
0%
8,166 Trilj
0%
9,516 Valpovo
0%
2,075 Vis
0%
9,559 Vodice
0%
6,144 Vodnjan
0%
13,223 Vrbovec
0%
3,688 Vrbovsko
0%
5,730 Vrgorac
0%
1,648 Vrlika
0%
8,690 Županja
0%
No matching quizzes found
Score Distribution
Percent of People with Each Score
Percentile by Number Answered
Your Score History
You have not taken this quiz